000 00230nam a22001097a 4500
003 OSt
008 231115b |||||||| |||| 00| 0 eng d
041 _aeng
100 _aCollins
_95641
245 _aZoology pre degree /
942 _cBK
999 _c17872
_d17872